000 00852nam a2200277Ia 4500
001 dia_2922
003 CHAP
005 20230526104150.0
008 220117s1994 xx 000 0 und d
010 _a173423
040 _cCHAP
082 _a338.19 b33
100 _aBassols Batalla, Angel
_910728
245 _aEl Abasto Alimentario en las Regiones de Mexico /
_c por Angel Bassols Batalla
260 _aMexico :
_b unam,
_c1994
300 _a298 p.
503 _aC/e
650 _a1.Alimentos
_xAbastecimiento
_xMexico
_9153755
650 _aPolitica Alimentaria
_xMexico
_990410
650 _aProductos Agricolas
_xMercadeo
_xMexico
_9153756
650 _aProductos Agrícolas
_xTransporte
_992035
901 _a338.19 B33
902 _aM
905 _a0000001994 MX X 0000000000SPA00
942 _cLIBRO
_2ddc
999 _c173423
_d173423